• 首页
  • 本馆介绍
  • 公告通知
  • 最新文献
  • 馆藏检索
  • 电子资源
  • 读者导购
  • 参考咨询
  • 我的图书馆
  • 登录
  • 详细信息显示
  • 放入我的书架
  • 预约/预借图书
  • 作者相关作品
  • 分类相关作品
  • 丛书相关作品
  • 出版社相关作品

书目信息

  • 表格格式
  • 工作单格式
  • 卡片格式
题名:
教育研究方法论初探
    
 
作者: 叶澜
分册:  
出版信息: 上海   上海教育  1999
页数: 353页
开本: 19cm
丛书名: 教育学科元研究丛书
单 册:
中图分类: G40-032
科图分类:
主题词: 教育学
电子资源:
ISBN: 7-5320-6304-6
000 00573nam0 2200205 450
001 0753865015
005 20070818145745.01
010    @a7-5320-6304-6@d¥15.50
100    @a20070818d km y0chiy0120 ea
101 0  @achi
200 1  @a教育研究方法论初探@Ajiao yu yan jiu fang fa lun chu tan@f叶澜@Fye lan
210    @a上海@c上海教育@d1999
215    @a353页@d19cm
225 2  @a教育学科元研究丛书
410  0 @12001 @a教育学科元研究丛书
606 0  @a教育学
690    @aG40-032@v3
701  0 @a叶澜@Aye lan
801  0 @aCN@bPFT@c20070818
905    @a213230@dG40-032@ee457@f1
    
    教育研究方法论初探/叶澜.-上海:上海教育,1999
    353页;19cm.-(教育学科元研究丛书)
    
    
    ISBN 7-5320-6304-6:¥15.50
    
●
相关链接 在E读中查询图书 在五车中查询图书 在当当中查询图书 在豆瓣中查询图书


正题名:教育研究方法论初探     索取号:G40-032/e457         预约/预借

序号 登录号 条形码 馆藏地/架位号 状态 备注
1 6302226   263022268   教育系资料室/ [索取号:G40-032/e457] 在馆    
唐山师范学院图书馆 欢迎您!
大连网信软件有限公司© 版权所有